LEADER 01635nam a2200337 a 4500 001 000000172608 003 CaOOAMICUS 005 20190830120227.0 006 a 000 u 008 190830s2018 gw u000 u ger r 020 $a978-3-11-062187-7* 032 $aLibriCat 040 $aPUL$bita 082 04$a103 100 1 $aStrauss, Ze'ev.$0(OLS)http://pul/name/110836 245 14$aDie Aufhellung des Judentums im Platonismus : $bzu den jüdisch-platonischen Quellen des Deutschen Idealismus, dargestellt anhand von Hegels Auseinandersetzung mit Philon von Alexandria / $cZe'ev Strauss. 260 $aBerlin ; ;$aBoston :$bDe Gruyter,$c©2019. 300 $aIX, 389 p. ;$c24 cm 490 1 $aQuellen und studien zur philosophie ;$vBand 137 500 $aInclude indici. 504 $aBibliografia p. [321]-332. 650 04$aRelativismo.$0(OLS)http://pul/subject/21950 830 0$aQuellen und studien zur philosophie ;$vBand 137.$0(OLS)http://pul/title/170599 850 $aPUL 852 $aPUL$W1$xSL Filosofia 3$y81$m103 COLL 10.137$j196553$qDDC 21$B201315$CPULBib$Z2$F201315 $H133260 $82 941 1 $a9 996 $6020$a978-3-11-062187-7*$9(OLS)http://pul/number/166681 996 $6082$a103$9(OLS)http://pul/classification/621 996 $6245$aDie Aufhellung des Judentums im Platonismus : $bzu den jüdisch-platonischen Quellen des Deutschen Idealismus, dargestellt anhand von Hegels Auseinandersetzung mit Philon von Alexandria / $9(OLS)http://pul/title/213577 996 $6260$aBerlin ; $aBoston :$bDe Gruyter$9(OLS)http://pul/publisher/82016 LEADER 01562nam a2200349 u 4500 001 000000047943 003 CaOOAMICUS 005 20070226114936.0 008 000315s1999 it c u000 u ita u 020 $a8821304124 035 $a10843669 040 $aPUL$bita 245 00$aFede e ragione :$bopposizione, composizione? /$ca cura di Mauro Mantovani, Scaria Thuruthiyil, Mario Toso. 260 $aRoma :$bLAS,$c1999. 300 $a357 p. ;$c24 cm 490 1 $aBiblioteca di scienze religiose (Libreria Ateneo salesiano) ;$v148 504 $aBibliografia in nota. 650 4$aFede e ragione.$0(OLS)http://pul/subject/3185 700 1 $aToso, Mario,$cvesc. di Faenza-Modigliana,$d1950-$0(OLS)http://pul/name/39310 700 1 $aThuruthiyil, Scaria.$0(OLS)http://pul/name/34821 700 1 $aMantovani, Mauro,$cS.D.B.,$d1966-$0(OLS)http://pul/name/34820 830 0$aBiblioteca di scienze religiose (Libreria Ateneo salesiano) ;$v148.$0(OLS)http://pul/title/491 850 $aPUL 852 $aPUL$W1$xSL Religione 2$y84$mTheol A3 148$j63975$nBK-PRI$b $qStampati altre collocazioni$B63975$CPULBib$Z2$F63975 $H $81 941 1 $a10 960 $aRagione e fede$93185 961 $aINV: 81130 983 0$aNuova biblioteca di scienze religiose. 983 0$aBiblioteca di scienze religiose (LAS) 996 $6020$a8821304124$9(OLS)http://pul/number/60072 996 $6245$aFede e ragione :$bopposizione, composizione?$9(OLS)http://pul/title/64542 996 $6260$aRoma :$bLAS$9(OLS)http://pul/publisher/48069